| 000 | 00780nas a2200265 4500 | ||
|---|---|---|---|
| 001 | BR2010000125 | ||
| 003 | BR-BrBNA | ||
| 005 | 20231205113812.0 | ||
| 007 | ta | ||
| 008 | 230509b bl.|||p| |||| 00| 00por d | ||
| 040 |
_aBR-BrBNA _bpor _cBiblioteca Nacional de Agricultura |
||
| 041 | _a(Pt) | ||
| 072 | _aF02 | ||
| 100 | 1 | _aOliveira, I.V. de M. | |
| 100 | 1 | _aCavalcante, I.H.L. | |
| 100 | 1 | _aMartins, A.B.G. | |
| 245 | 1 | _aInfluência do substrato na emergência de plântulas de sapota preta | |
| 650 | _aFRUTA | ||
| 650 | _aPLANTA EXÓTICA | ||
| 650 | _aSUBSTRATO DE CULTURA | ||
| 650 | _aEMERGÊNCIA | ||
| 773 | 0 |
_tCaatinga (Brazil) _xISSN 0100-316X _g(2007), v. 20(1) p. 54-63 _wBR2010000125 |
|
| 909 |
_a202311 _bLúcia _c55 _dLúcia Elande |
||
| 942 |
_2AGRIS _n0 _cANA |
||
| 999 |
_c205699 _d205699 |
||